000 01770nam a22002537a 4500
003 Uzh_bibl
008 260408b |||||||| |||| 00| 0 ukr d
020 _c1.40
040 _aукр.
041 _2ukr
_aukr
080 _a821(477)
090 _a821(477)
_bП 37
100 _aПлачинда, Сергій
245 _aНіч перед стартом
_hТекст
260 _aКиїв
_bДніпро
_c1982
300 _a352 с.
_fВ опр.
520 _aПовість українського радянського письменника «Ніч перед стартом» - про життєвий подвиг творця перших у світі штучних супутників Землі й космічних кораблів – академіка С. П. Корольова. Про невтомних колгоспних трудівників, які будують в селі фабрику і Суху балку перетворюють у квітучу долину – степову сагу, розповідає автор у романі «Степова сага».
521 _aДля широкого кола читачів
546 _aукр.
650 _aЛітературно-художнє видання
_y1950–1960-ті роки, період підготовки першого польоту людини в космос
_zСРСР (зокрема конструкторські бюро, космодром Байконур)
653 _aКосмос
_aНаука
_aКонструктор
_aВідповідальність
_aПрорив
655 _aПовість (художньо-біографічна, науково-документальна)
_vПовість. Роман
942 _2udc
_cBK
999 _c17286
_d17286